000
00273nam a22000977a 4500
082
_a
331.4 WOM'A
245
_a
WOMAN POWER A STATEMENT BY THE NATIONAL MANPOWER COUNCIL WITH CHAPTERS BY THE COUNCIL STAFF
260
_a
NEWYORK
_b
COLUMBIA
_c
1957
300
_a
371P
942
_c
BK
999
_c
570231
_d
570231